000 00319 a2200157 4500
001 160579
020 _a
040 _cMagnum
100 _aIacocca, Liliana
240 1 0 _aO cachorro e a pulga
_lpor
245 1 0 _aO cachorro e a pulga
362 0 _a1899
440 1 _aÁtica
697 _aIJ/ANIMAIS
942 _cBK
999 _c160579
_d160579